00450nam a2200157 a 4500008004100000020001500041050001500056100002000071245004000091260005100131300002200182350000900204500001700213650003900230650002300269120416s1974 ||||||||||||||||| || u a0135793831 aQD 461 Tur aTurner, Almon G10aMethods in molecular orbital theory aEnglewood Cliffs, N.J.bFT Prentice-Hallc1974 axiii, 225 p. ill. a0.00 aBibliography 0aCHEMISTRY--HANDBOOKS, MANUALS, ETC aMOLECULAR ORBITALS